000 00628nam a2200145 a 4500
008 940722s1950 pauac 000 0 eng d
100 _aNational Philatelic Museum
245 1 4 _aThe sixteenth American Philatelic Congress :
_bNational Philatelic Museum : exhibition, October 15th to November 15th, seminar, October 23, 24, 25, 26, convention October 27, 28, 29, 1950.
260 _aPhiladelphia :
_bThe Museum, [1950]
490 0 _aNational Philatelic Museum ;
_vv. 2, no. 8
650 0 _aStamp collecting
_zUnited States
650 0 _aPhilatelic Congress
650 0 _aStamp collectors
_zUnited States
999 _c2124
_d2124